Tiếng Anh căn bản chuyên ngành giao thông vận tải /

Saved in:
Bibliographic Details
Main Author: Quang Hùng
Other Authors: Nguyễn Xuân Khai
Format: Book
Language:Vietnamese
Published: H. : Khoa học kỹ thuật , 1994
Edition:In lần thứ 1
Subjects:
Tags: Add Tag
No Tags, Be the first to tag this record!
Institutions: Thư viện Trường CĐ Kỹ Thuật Cao Thắng
LEADER 00740nam a2200217 a 4500
001 TVCDKTCT3036
003 Thư viện trường Cao đẳng Kỹ thuật Cao Thắng
005 20050912000000
008 050912
980 \ \ |a Thư viện Trường CĐ Kỹ Thuật Cao Thắng 
024 |a RG_1 #1 eb0 i1 
041 0 # |a vie 
082 # # |a 420.625 2 /   |b QU106H-t 
100 1 # |a Quang Hùng 
245 0 0 |a Tiếng Anh căn bản chuyên ngành giao thông vận tải /  |c Quang Hùng, Nguyễn Xuân Khai 
250 # # |a In lần thứ 1 
260 # # |a H. :  |b Khoa học kỹ thuật ,  |c 1994 
300 # # |a 663tr. ;  |c 19 cm 
650 # 4 |a Tiếng Anh 
650 # 4 |a Giao Thông Vận Tải 
700 0 # |a Nguyễn Xuân Khai